<?xml version="1.0" encoding="UTF-8"?>
<record
    xmlns:xsi="http://www.w3.org/2001/XMLSchema-instance"
    xsi:schemaLocation="http://www.loc.gov/MARC21/slim http://www.loc.gov/standards/marcxml/schema/MARC21slim.xsd"
    xmlns="http://www.loc.gov/MARC21/slim">

  <leader>02937nam a22002897a 4500</leader>
  <controlfield tag="003">3228</controlfield>
  <controlfield tag="005">20250220121627.0</controlfield>
  <controlfield tag="008">250220b        sa ||||| |||| 00| 0 eng d</controlfield>
  <datafield tag="020" ind1=" " ind2=" ">
    <subfield code="a">9780796923226</subfield>
  </datafield>
  <datafield tag="040" ind1=" " ind2=" ">
    <subfield code="a">RDA</subfield>
    <subfield code="b">eng</subfield>
    <subfield code="c">3228</subfield>
  </datafield>
  <datafield tag="082" ind1="0" ind2="4">
    <subfield code="a">333.0096 STRUG</subfield>
  </datafield>
  <datafield tag="245" ind1="0" ind2="4">
    <subfield code="a">The struggle over land in Africa :</subfield>
    <subfield code="b">conflicts, politics &amp; change /</subfield>
    <subfield code="c">edited by Ward Anseeuw &amp; Chris Alden.</subfield>
  </datafield>
  <datafield tag="264" ind1=" " ind2="1">
    <subfield code="a">Cape Town, South Africa :</subfield>
    <subfield code="b">HSRC Press,</subfield>
    <subfield code="c">2010.</subfield>
  </datafield>
  <datafield tag="300" ind1=" " ind2=" ">
    <subfield code="a">xii, 289 pages :</subfield>
    <subfield code="b">maps ;</subfield>
    <subfield code="c">24 cm.</subfield>
  </datafield>
  <datafield tag="336" ind1=" " ind2=" ">
    <subfield code="a">text</subfield>
    <subfield code="b">txt</subfield>
    <subfield code="2">rdacontent.</subfield>
  </datafield>
  <datafield tag="337" ind1=" " ind2=" ">
    <subfield code="a">unmediated</subfield>
    <subfield code="b">n</subfield>
    <subfield code="2">rdamedia.</subfield>
  </datafield>
  <datafield tag="338" ind1=" " ind2=" ">
    <subfield code="a">volume</subfield>
    <subfield code="b">nc</subfield>
    <subfield code="2">rdacarrier.</subfield>
  </datafield>
  <datafield tag="504" ind1=" " ind2=" ">
    <subfield code="a">Includes bibliographical references and index.</subfield>
  </datafield>
  <datafield tag="505" ind1="0" ind2=" ">
    <subfield code="a">Introduction: The struggle over land in Africa: conflicts, politics and change / Ward Anseeuw and Chris Alden -- Theme 1: Ethnic and indigenous land conflicts. 'Indigenous' land claims in Kenya: A case study of Chebyuk, Mount Elgon District / Claire M&#xE9;dard -- Shades of grey: post-conflict land policy reform in the Great Lakes Region / Chris Huggins -- Theme 2: Between 'traditionalism and modernity': insecurity, privatisation and marginalization. The politics of communal tenure reform: A South African case study / Ben Cousins -- Karal land: Family cultural patrimony or a commercialised product on the Diamar&#xE9; Plain? / Bernard Gonn&#xE9; -- Theme 3: Renewed land interests, land use, and conflicts. The conflicting distribution of tourism revenue as an example of insecure land tenure in Namibian communal lands / Renaud Lapeyre -- Land rights and enclosures: Implementing the Mozambican Land Law in practice / Christopher Tanner -- Biodiversity conservation against small-scale farming? Scientific evidences and emergence of new types of land crises / Catherine E Laurent -- Theme 4: State building, politics and land. The role of land as a site and source of conflict in Angola / Jenny Clover -- Two cycles of land policy in South Africa: tracing the contours / Ruth Hall -- A legal analysis of the Namibian commercial agricultural land reform process / Willem Adriaan Odendaal -- Theme 5: Land policy development, planning and (non- )inclusiveness. The Ituri paradox: when armed groups have a land policy and peacemakers do not / Thierry Vircoulon -- Understanding urban planning approaches in Tanzania: A historical transition analysis for urban sustainability / Wakuru Magigi -- Theme 6: Regional scopes of land conflicts and changing norms. The Zimbabwe crisis, land reform and normalisation / Sam Moyo -- Regionalisation of norms and the impact of narratives on southern African land policies / Chris Alden and Ward Anseeuw.</subfield>
  </datafield>
  <datafield tag="650" ind1=" " ind2="0">
    <subfield code="a">Land use</subfield>
    <subfield code="z">Africa.</subfield>
    <subfield code="9">191957</subfield>
  </datafield>
  <datafield tag="650" ind1=" " ind2="0">
    <subfield code="a">Land use</subfield>
    <subfield code="x">Government policy</subfield>
    <subfield code="z">Africa.</subfield>
    <subfield code="9">191958</subfield>
  </datafield>
  <datafield tag="650" ind1=" " ind2="0">
    <subfield code="a">Land reform</subfield>
    <subfield code="z">Africa.</subfield>
    <subfield code="9">191959</subfield>
  </datafield>
  <datafield tag="650" ind1=" " ind2="0">
    <subfield code="a">Land tenure</subfield>
    <subfield code="x">Political aspects</subfield>
    <subfield code="z">Africa.</subfield>
    <subfield code="9">191960</subfield>
  </datafield>
  <datafield tag="700" ind1="1" ind2=" ">
    <subfield code="a">Anseeuw, Ward,</subfield>
    <subfield code="d">1974-</subfield>
    <subfield code="9">191961</subfield>
  </datafield>
  <datafield tag="700" ind1="1" ind2=" ">
    <subfield code="a">Alden, Chris.</subfield>
    <subfield code="9">107865</subfield>
  </datafield>
  <datafield tag="942" ind1=" " ind2=" ">
    <subfield code="2">ddc</subfield>
    <subfield code="c">BOOK</subfield>
    <subfield code="w">169</subfield>
    <subfield code="x">Boniswa Ngcongolo</subfield>
    <subfield code="y">169</subfield>
    <subfield code="z">Boniswa Ngcongolo</subfield>
  </datafield>
  <datafield tag="999" ind1=" " ind2=" ">
    <subfield code="c">772338</subfield>
    <subfield code="d">772337</subfield>
  </datafield>
  <datafield tag="952" ind1=" " ind2=" ">
    <subfield code="0">0</subfield>
    <subfield code="1">0</subfield>
    <subfield code="2">ddc</subfield>
    <subfield code="4">0</subfield>
    <subfield code="7">0</subfield>
    <subfield code="8">300</subfield>
    <subfield code="a">THANPL</subfield>
    <subfield code="b">THANPL</subfield>
    <subfield code="c">GEN</subfield>
    <subfield code="d">2025-02-20</subfield>
    <subfield code="g">380.00</subfield>
    <subfield code="l">0</subfield>
    <subfield code="o">333.0096 STRUG</subfield>
    <subfield code="p">33228031005479</subfield>
    <subfield code="r">2025-02-20</subfield>
    <subfield code="w">2025-02-20</subfield>
    <subfield code="y">BOOK</subfield>
  </datafield>
</record>
